| 000 -LEADER |
| fixed length control field |
02052cam a22003854a 4500 |
| 001 - CONTROL NUMBER |
| control field |
16646229 |
| 005 - DATE AND TIME OF LATEST TRANSACTION |
| control field |
20170105102915.0 |
| 008 - FIXED-LENGTH DATA ELEMENTS--GENERAL INFORMATION |
| fixed length control field |
110210s2011 enk b 001 0 eng |
| 010 ## - LIBRARY OF CONGRESS CONTROL NUMBER |
| LC control number |
2011004156 |
| 020 ## - INTERNATIONAL STANDARD BOOK NUMBER |
| International Standard Book Number |
9780333732670 (hbk.) |
| 020 ## - INTERNATIONAL STANDARD BOOK NUMBER |
| International Standard Book Number |
9780333732687 (pbk.) |
| 040 ## - CATALOGING SOURCE |
| Original cataloging agency |
DLC |
| Transcribing agency |
DLC |
| Modifying agency |
DLC |
| 042 ## - AUTHENTICATION CODE |
| Authentication code |
pcc |
| 050 00 - LIBRARY OF CONGRESS CALL NUMBER |
| Classification number |
JS78 |
| Item number |
.P5 2011 |
| 082 00 - DEWEY DECIMAL CLASSIFICATION NUMBER |
| Classification number |
320.8/5 |
| Edition number |
22 |
| 084 ## - OTHER CLASSIFICATION NUMBER |
| Classification number |
POL028000 |
| -- |
POL002000 |
| -- |
POL040040 |
| Number source |
bisacsh |
| 100 1# - MAIN ENTRY--PERSONAL NAME |
| Personal name |
Pierre, Jon. |
| 245 14 - TITLE STATEMENT |
| Title |
The politics of urban governance / |
| Statement of responsibility, etc. |
Jon Pierre. |
| 260 ## - PUBLICATION, DISTRIBUTION, ETC. |
| Place of publication, distribution, etc. |
Houndmills, Basingstoke, Hampshire ; |
| -- |
New York : |
| Name of publisher, distributor, etc. |
Palgrave Macmillan, |
| Date of publication, distribution, etc. |
2011. |
| 300 ## - PHYSICAL DESCRIPTION |
| Extent |
viii, 170 p. ; |
| Dimensions |
23 cm. |
| 504 ## - BIBLIOGRAPHY, ETC. NOTE |
| Bibliography, etc. note |
Includes bibliographical references (p. 154-164) and index. |
| 505 8# - FORMATTED CONTENTS NOTE |
| Formatted contents note |
Machine generated contents note: -- The Challenge of Urban Governance * Rethinking the Local State * The Managerial City * The Corporatist City * The Pro-Growth City * The Welfare City * The Decline of Urban Politics? * Cities in Global Governance * Conclusion: The Future of Urban Politics. |
| 520 ## - SUMMARY, ETC. |
| Summary, etc. |
"This broad ranging new text analyses the emerging shape of urban politics in the twenty-first century. The author identifies 4 main "models" of urban governance--"management," "Corporatist." "Pro-Growth" and "Welfare"--and assesses their different implications for the major issues, interests and problems in the contemporary urban arena"-- |
| 650 #0 - SUBJECT ADDED ENTRY--TOPICAL TERM |
| Topical term or geographic name entry element |
Municipal government |
| Form subdivision |
Cross-cultural studies. |
| 650 #0 - SUBJECT ADDED ENTRY--TOPICAL TERM |
| Topical term or geographic name entry element |
Local government |
| Form subdivision |
Cross-cultural studies. |
| 650 #0 - SUBJECT ADDED ENTRY--TOPICAL TERM |
| Topical term or geographic name entry element |
Political leadership |
| Form subdivision |
Cross-cultural studies. |
| 650 #0 - SUBJECT ADDED ENTRY--TOPICAL TERM |
| Topical term or geographic name entry element |
Sociology, Urban |
| Form subdivision |
Cross-cultural studies. |
| 650 #0 - SUBJECT ADDED ENTRY--TOPICAL TERM |
| Topical term or geographic name entry element |
Urban policy |
| General subdivision |
Cross-cultural studies. |
| 650 #7 - SUBJECT ADDED ENTRY--TOPICAL TERM |
| Topical term or geographic name entry element |
POLITICAL SCIENCE / Public Policy / General |
| Source of heading or term |
bisacsh. |
| 650 #7 - SUBJECT ADDED ENTRY--TOPICAL TERM |
| Topical term or geographic name entry element |
POLITICAL SCIENCE / Public Policy / City Planning & Urban Development |
| Source of heading or term |
bisacsh. |
| 650 #7 - SUBJECT ADDED ENTRY--TOPICAL TERM |
| Topical term or geographic name entry element |
POLITICAL SCIENCE / Government / Local |
| Source of heading or term |
bisacsh. |
| 906 ## - LOCAL DATA ELEMENT F, LDF (RLIN) |
| a |
7 |
| b |
cbc |
| c |
orignew |
| d |
1 |
| e |
ecip |
| f |
20 |
| g |
y-gencatlg |
| 942 ## - ADDED ENTRY ELEMENTS (KOHA) |
| Source of classification or shelving scheme |
|
| Koha item type |
Book |